Biggest Cities In Russia - Extreme - Statistics

General Stats
  • This quiz has been taken 1,376 times
    96 since last reset
  • The average score is 66 of 200
Answer Stats
Population City % Correct
13,010,112 Moscow
100%
5,601,911 St. Petersburg
100%
603,519 Vladivostok
96%
1,028,036 Volgograd
94%
1,308,660 Kazan
92%
1,125,695 Omsk
92%
1,544,376 Yekaterinburg
92%
270,384 Murmansk
88%
1,228,199 Nizhny Novgorod
88%
1,633,595 Novosibirsk
88%
1,034,002 Perm
88%
1,144,809 Ufa
88%
1,099,344 Krasnodar
85%
1,142,162 Rostov-on-Don
83%
1,189,525 Chelyabinsk
81%
466,078 Sochi
81%
301,199 Arkhangelsk
79%
1,173,299 Samara
79%
1,187,771 Krasnoyarsk
77%
1,057,681 Voronezh
77%
617,264 Irkutsk
75%
901,361 Saratov
73%
328,533 Grozny
71%
440,052 Kursk
71%
355,443 Yakutsk
71%
490,449 Kaliningrad
69%
349,951 Vladimir
69%
475,629 Astrakhan
65%
556,478 Tomsk
63%
224,286 Veliky Novgorod
63%
577,279 Yaroslavl
63%
473,622 Tula
60%
847,488 Tyumen
60%
543,654 Orenburg
58%
528,599 Ryazan
58%
547,820 Sevastopol
58%
339,978 Belgorod
56%
623,254 Makhachkala
56%
193,082 Pskov
56%
316,570 Smolensk
56%
684,709 Tolyatti
56%
361,644 Ivanovo
54%
416,219 Tver
54%
617,352 Ulyanovsk
54%
379,152 Bryansk
52%
617,441 Khabarovsk
52%
468,212 Kirov
50%
547,443 Stavropol
50%
337,058 Kaluga
48%
501,109 Penza
48%
267,481 Kostroma
46%
310,911 Kurgan
46%
496,403 Lipetsk
46%
437,565 Ulan-Ude
46%
313,944 Vologda
46%
334,427 Chita
44%
557,119 Kemerovo
44%
410,594 Magnitogorsk
44%
174,453 Norilsk
44%
261,803 Tambov
44%
630,877 Barnaul
42%
623,472 Izhevsk
42%
303,169 Oryol
42%
164,900 Petropavlovsk-Kamchatsky
42%
295,830 Vladikavkaz
42%
90,757 Magadan
40%
262,293 Novorossiysk
40%
181,587 Yuzhno-Sakhalinsk
40%
548,434 Naberezhnye Chelny
38%
338,966 Nizhny Tagil
38%
234,897 Petrozavodsk
38%
396,443 Surgut
38%
497,807 Cheboksary
35%
314,871 Saransk
35%
245,120 Taganrog
35%
225,428 Engels
33%
247,054 Nalchik
33%
340,540 Simferopol
33%
305,185 Cherepovets
31%
257,128 Khimki
31%
537,480 Novokuznetsk
31%
189,195 Orsk
31%
314,934 Podolsk
31%
220,580 Syktyvkar
31%
224,071 Bratsk
29%
102,583 Elista
29%
154,621 Kerch
29%
281,248 Yoshkar-Ola
29%
184,769 Abakan
27%
177,295 Rybinsk
27%
168,048 Volgodonsk
27%
184,466 Balakovo
25%
520,962 Balashikha
25%
124,953 Derbent
25%
255,429 Mytishchi
25%
241,479 Nizhnekamsk
25%
221,676 Stary Oskol
25%
221,296 Angarsk
23%
241,437 Blagoveshchensk
23%
146,403 Elektrostal
23%
125,241 Kyzyl
23%
283,256 Nizhnevartovsk
23%
146,473 Pyatigorsk
23%
226,452 Shakhty
23%
321,479 Volzhsky
23%
187,177 Armavir
21%
218,630 Dzerzhinsk
21%
224,195 Lyubertsy
21%
143,385 Maykop
21%
107,497 Murom
21%
122,350 Nazran
21%
157,213 Severodvinsk
21%
277,410 Sterlitamak
21%
165,725 Syzran
21%
138,069 Berezniki
19%
113,226 Cherkessk
19%
127,521 Kislovodsk
19%
187,634 Krasnogorsk
19%
147,995 Miass
19%
119,697 Novomoskovsk
19%
148,575 Salavat
19%
99,875 Yelets
19%
97,038 Zheleznogorsk
19%
126,988 Bataysk
17%
107,927 Kamyshin
17%
155,144 Khasavyurt
17%
238,505 Komsomolsk-on-Amur
17%
139,931 Nakhodka
17%
120,375 Novocheboksarsk
17%
163,674 Novocherkassk
17%
103,480 Novoshakhtinsk
17%
125,376 Obninsk
17%
133,793 Serpukhov
17%
177,819 Ussuriysk
17%
104,908 Arzamas
15%
183,852 Biysk
15%
110,968 Dimitrovgrad
15%
152,404 Domodedovo
15%
121,140 Kaspiysk
15%
228,095 Korolyov
15%
132,417 Kovrov
15%
117,562 Nevinnomyssk
15%
98,306 Novokuybyshevsk
15%
107,251 Novy Urengoy
15%
180,530 Odintsovo
15%
177,819 Prokopyevsk
15%
86,711 Velikiye Luki
15%
119,658 Yessentuki
15%
111,222 Zhukovsky
15%
161,774 Zlatoust
15%
163,512 Almetyevsk
13%
109,556 Artyom
13%
120,907 Dolgoprudny
13%
94,377 Gatchina
13%
87,762 Glazov
13%
134,850 Kolomna
13%
131,942 Neftekamsk
13%
103,891 Noginsk
13%
115,557 Oktyabrsky
13%
114,450 Pervouralsk
13%
110,868 Pushkino
13%
93,357 Sarov
13%
134,211 Shchyolkovo
13%
100,352 Tobolsk
13%
107,877 Yevpatoriya
13%
100,621 Achinsk
10%
164,192 Kamensk-Uralsky
10%
107,473 Khanty-Mansiysk
10%
88,511 Klin
10%
147,806 Kopeysk
10%
90,451 Michurinsk
10%
114,133 Mikhaylovsk
10%
105,745 Orekhovo-Zuyevo
10%
114,537 Ramenskoye
10%
113,871 Reutov
10%
101,756 Sergiyev Posad
10%
82,943 Yeysk
10%
102,850 Berdsk
8%
88,341 Buzuluk
8%
86,816 Kansk
8%
124,732 Nefteyugansk
8%
100,188 Noyabrsk
8%
126,834 Rubtsovsk
8%
91,115 Sarapul
8%
94,211 Serov
8%
89,473 Solikamsk
8%
101,490 Vidnoye
8%
97,471 Votkinsk
8%
99,137 Zelenodolsk
8%
86,365 Kamensk-Shakhtinsky
6%
83,431 Kiselyovsk
6%
92,244 Leninsk-Kuznetsky
6%
96,174 Mezhdurechensk
6%
106,648 Seversk
6%
95,495 Voskresensk
6%
85,225 Gubkin
4%
82,764 Lobnya
4%
89,083 Murino
4%
82,827 Ivanteyevka
2%
89,025 Chekov
0%
No matching quizzes found
Score Distribution
Percent of People with Each Score
Percentile by Number Answered
Your Score History
You have not taken this quiz since the last reset